000 00475nam a2200181Ia 4500
003 GCL
008 140319s9999 xx 000 0 eng d
040 _aGCL /
_cGCL
082 0 4 _a620.106
_bK F
100 1 _aKUMAR.D.S
245 1 0 _aFLUID MECHANICS AND FLUID POWER ENGINEERING /
_cKUMAR.D.S
260 _a[S.N] :
_bKATSON PUBLISHING HOUSE
300 _a848 P
650 0 4 _aMECHANICS ENGINEERING
650 0 4 _aFLUID MECHANICS
650 0 4 _aFLUID POWER
942 _2ddc
_cBK
999 _c20283
_d20283